| 000 | 00859cam a22002651 4500 | ||
|---|---|---|---|
| 001 | 10059 | ||
| 003 | BD-RjUL | ||
| 005 | 20211208234903.0 | ||
| 008 | 140122r19521931xx 000 0 eng | ||
| 035 | _a(BD-RjUL) | ||
| 035 | _a(OCoLC)687827 | ||
| 040 |
_aDLC _cOKentU _dDLC _dBD-RjUL _beng |
||
| 041 | _aeng | ||
| 082 |
_a541 _bTRE |
||
| 100 | 1 |
_aTaylor, Hugh S. _q(Hugh Stott), _d1890-1974, _928415 |
|
| 245 | 1 | 2 |
_aA treatise on physical chemistry, _ba co-operative effort by a group of physical chemists, _cedited by Hugh S. Taylor. _nVolume Two |
| 250 | _a2d ed. | ||
| 260 |
_aNew York :Printing1952] _bD. Van Nostrand company, _c1931.[ |
||
| 300 |
_a2 v. 701 P. : _billus. ; _c23 cm. |
||
| 500 | _aPaged continuously. | ||
| 650 | 0 |
_aChemistry, Physical and theoretical. _931046 |
|
| 942 |
_2ddc _cBK |
||
| 999 |
_c10059 _d10059 |
||